000
00344nam a2200157Ia 4500
008
191201s2009 xx 000 0 und d
020
_a
9781403909886
082
_a
658.31
_b
RAF
100
_a
RAO, T V
245
0
_a
Future of HRD
250
_a
Rep
260
_a
N.Delhi
_b
Macmillan
_c
2009
300
_a
218
650
_a
MBA
942
_2
ddc
_c
BK
999
_c
5473
_d
5473